Homenaje a Oswaldo Robles en su 25 aniversario de docencia /

Salvato in:
Dettagli Bibliografici
Altri autori: Acosta, Lorenzo (autor) (autor)
Natura: Libro
Lingua:spagnolo
Soggetti:
Tags: Aggiungi Tag
Nessun Tag, puoi essere il primo ad aggiungerne!!

MARC

LEADER 00000nam^a2200000^a^4500
001 000122999
005 20250521000000.0
009 20260310094523.968
037 |a Acervo ITESO - Biblioteca 
041 |a ESP 
082 |a 140. 92  |b OSW 
245 0 0 |a Homenaje a Oswaldo Robles en su 25 aniversario de docencia /  |c L. Acosta... [et al.]. 
264 |a México :  |b Jus,  |c 1963 
300 |a 199 p. 
336 |a texto  |b txt  |2 rdacontenido 
337 |a sin mediación  |b n  |2 rdamedio 
338 |a volumen  |b nc  |2 rdasoporte 
649 |a XX 
650 |a Filósofos Mexicanos -  |x Homenajes 
650 |a Psicólogos Mexicanos -  |x Homenajes 
650 |a Profesores Mexicanos -  |x Homenajes 
650 |a Filosofía -  |z México -  |x Historia 
650 |a Filosofía -  |z México -  |x Estudio y Enseñanza 
650 |a Educación -  |z México -  |x Historia 
700 |a Acosta, Lorenzo  |e (autor) 
910 |a Fondo Salvador Reynoso Reynoso 
920 |a Impresos - Libros 
930 |a Fondos Especiales 
905 |a 112 
901 |a 0800007164  |b IT2  |c ESP  |u 20250521 
902 |a https://opac.biblio.iteso.mx/vufind/Record/000122999